00586cam a22002171 4500001001300000003000400013005001700017008004100034010001700075035001800092040001800110042001200128050001700140110005100157245002900208260002200237300002500259504002700284650004000311999001700351sa 63000813 DLC20260227111923.0740319s1962 xx 000 0 eng  asa 63000813  a(OCoLC)833615 aDLCcMWPdDLC apremarc00aHD7051b.N362 aNational Council of Applied Economic Research.10aUrban income and saving. aNew Delhic[1962] a116p.billus.c24cm. aIncludes bibliography. 0aCost and standard of livingzIndia. c53640d53640